| 000 | 00928nas a2200289 4500 | ||
|---|---|---|---|
| 001 | BR8500719 | ||
| 003 | BR-BrBNA | ||
| 005 | 20231205090119.0 | ||
| 007 | ta | ||
| 008 | 230509b bl.|||p| |||| 00| 00por d | ||
| 040 |
_aBR-BrBNA _bpor _cBiblioteca Nacional de Agricultura |
||
| 041 | _a(Pt) | ||
| 072 | _aL30; L00 | ||
| 100 | 1 | _aLeme, P.R. | |
| 100 | 1 | _aCamargo, D.F.V. | |
| 100 | 1 | _aMarcos, A.C.M. | |
| 245 | 1 | _aEfeito do zeranol no desempenho de bovinos da raca nelore inteiros e castrados em confinamento | |
| 246 | 1 | _aEffect of zeranol on performance of uncastrated and castrated nelore cattle in confinement | |
| 650 | _aGADO NELORE | ||
| 650 | _aCONFINAMENTO | ||
| 650 | _aCASTRACAO | ||
| 650 | _aPERFORMANCE | ||
| 650 | _aGANHO DE PESO | ||
| 773 | 0 |
_tZootecnia (Brazil) _xISSN 0044-5320 _g(Jan-Mar 1984), v. 22(1) p. 17-26 _wBR8500719 |
|
| 909 |
_a202311 _bLúcia _c55 _dLúcia Elande |
||
| 942 |
_2AGRIS _n0 _cANA |
||
| 999 |
_c116230 _d116230 |
||